000 00861nam a2200253Ia 4500
003 OSt
005 20220916110924.0
006 a|||||r|||| 00| 0
007 ta
008 220915b |||||||| |||| 00| 0 hin d
024 _a191942
037 _cTextbook
040 _bhin
_aARTS
_cARTS
041 _ahin
082 _aO152,1N156x, L7
100 _aअंचल, रामेश्वर शुक्ल
245 0 _aउन आवाजों को ठहरा लो
246 _aUn āvājoan ko ṭhaharā lo
260 _aदिल्ली
_bसन्मार्ग प्रकाशन भारत
_c1977
300 _a84 पृ0
_ccm.
650 _aहिन्दी साहित्य
942 _hO152,1N156x, L7
_cTB
_2CC
999 _c101473
_d101473